000 01454nam a2200349 i 4500
003 EG-GICUC
005 20260121101545.0
008 251229s2002 ua ||||fr|||| 000 0 ara d
020 _a977-10-
040 _a EG-GICUC
_bara
_c EG-GICUC
_d EG-GICUC
_erda
041 0 _aara
082 0 4 _221
_a345.4510612
_bن ص . ن
092 0 4 _221
099 _aLaw1 07 345.4510612 ن ص . ن 2 ed - 2002
100 0 _aنصر الدين مصباح القاضي
_eمؤلف.
245 1 2 _aالنظرية العامة للتأديب في الوظيفة العامة :
_bدراسة موازنة في القانون الليبي والمصري والشريعة الإسلامية /
_cالدكتور نصر الدين مصباح.
250 _aالطبعة الثانية
264 1 _aالقاهرة :
_bدار الفكر العربي،
_c2002.
300 _a912 صفحة ؛
_c24 سم.
_bإيضاحيات، صور، مثيليات ؛
336 _2rda content
_atext
337 _2rda media
_aComputer
338 _2rda carrier
_aOnline Resource
504 _a. 905-865 ببليوجرافيا: صفحات
546 _aالنص باللغة العربية
650 4 _aالسلطات التاديبية
_zليبيا
650 4 _aالسلطات التاديبية
_zمصر
650 4 _aالشريعة الإسلامية
651 1 _2qrmak
856 4 0 _uhttps://fll.law.cu.edu.eg/fulltext/bks/B07-01637.pdf
905 _a79
942 _2ddc
_cBK
_e21
_n0
999 _c52961
_d52961